000
00371cam a2200157ua 4500
041
_a
eng
_h
082
_a
822
_b
DEK/TH
100
_a
Decker, Thomas .
245
_a
Thomas Decker /
_c
Thomas Decker.
_h
Textual Documents
260
_a
London :
_b
Earnest Benn Ltd ,
_c
1949.
300
_a
478 ; .
504
_a
942
_c
BK
999
_c
482
_d
482